[Event "World Chess Olympiad 2018"]
[Site "Batumi"]
[Date "2018.09.27"]
[Round "4"]
[Board "3"]
[WhiteFideId "1612468"]
[White "Diermair Andreas"]
[BlackFideId "7000197"]
[Black "Matsuo Tomohiko"]
[Result "1-0"]
[LiveChessVersion "1.4.8"]
[BlackElo "2170"]
[WhiteElo "2501"]

1. Nf3 {[%clk 1:30:56]} Nf6 {[%clk 1:30:51]} 2. c4 {[%clk 1:31:24]} c5
{[%clk 1:31:07]} 3. Nc3 {[%clk 1:31:48]} d5 {[%clk 1:31:18]} 4. cxd5
{[%clk 1:32:07]} Nxd5 {[%clk 1:31:41]} 5. d4 {[%clk 1:31:02]} e6 {[%clk 1:31:46]}
6. e3 {[%clk 1:29:35]} Nc6 {[%clk 1:31:37]} 7. Bd3 {[%clk 1:29:22]} cxd4
{[%clk 1:30:42]} 8. exd4 {[%clk 1:29:46]} Be7 {[%clk 1:25:38]} 9. O-O
{[%clk 1:29:56]} O-O {[%clk 1:25:31]} 10. Re1 {[%clk 1:29:57]} Ncb4
{[%clk 1:13:49]} 11. Bb1 {[%clk 1:25:11]} Bd7 {[%clk 1:13:51]} 12. a3
{[%clk 1:19:49]} Nxc3 {[%clk 1:13:30]} 13. bxc3 {[%clk 1:20:16]} Nd5
{[%clk 1:13:52]} 14. Qd3 {[%clk 1:17:55]} g6 {[%clk 1:13:23]} 15. Bh6
{[%clk 1:16:48]} Re8 {[%clk 1:11:49]} 16. c4 {[%clk 1:09:44]} Nf6
{[%clk 1:11:50]} 17. Ne5 {[%clk 1:09:33]} Rc8 {[%clk 0:52:54]} 18. Ba2
{[%clk 1:03:17]} Nh5 {[%clk 0:29:17]} 19. Qf3 {[%clk 0:43:36]} Bf6
{[%clk 0:21:23]} 20. Qxb7 {[%clk 0:38:29]} Bxe5 {[%clk 0:14:57]} 21. Rxe5
{[%clk 0:38:19]} Rb8 {[%clk 0:09:52]} 22. Qf3 {[%clk 0:37:11]} Ng7
{[%clk 0:08:55]} 23. g4 {[%clk 0:32:00]} Qb6 {[%clk 0:06:54]} 24. Qf6
{[%clk 0:31:21]} 1-0

[Event "World Chess Olympiad 2018"]
[Site "Batumi"]
[Date "2018.09.27"]
[Round "4"]
[Board "4"]
[WhiteFideId "7001762"]
[White "Otawa Yuto"]
[BlackFideId "13601270"]
[Black "Shengelia David"]
[Result "0-1"]
[LiveChessVersion "1.4.8"]
[BlackElo "2512"]
[WhiteElo "2161"]

1. d4 {[%clk 1:30:50]} Nf6 {[%clk 1:30:52]} 2. c4 {[%clk 1:31:12]} b6
{[%clk 1:31:09]} 3. Nc3 {[%clk 1:30:59]} Bb7 {[%clk 1:31:35]} 4. f3
{[%clk 1:26:57]} Nc6 {[%clk 1:31:08]} 5. d5 {[%clk 1:24:52]} Nb8 {[%clk 1:11:31]}
6. e4 {[%clk 1:22:22]} e5 {[%clk 1:11:54]} 7. Be3 {[%clk 1:13:41]} Bc5
{[%clk 1:10:16]} 8. Bxc5 {[%clk 1:11:09]} bxc5 {[%clk 1:10:43]} 9. Bd3
{[%clk 1:09:37]} d6 {[%clk 1:09:43]} 10. Nge2 {[%clk 1:08:41]} Nbd7
{[%clk 1:10:02]} 11. Qd2 {[%clk 1:06:52]} h5 {[%clk 1:05:56]} 12. h4
{[%clk 1:03:05]} Nb6 {[%clk 0:58:57]} 13. b3 {[%clk 0:59:45]} Qe7
{[%clk 0:53:28]} 14. g3 {[%clk 0:58:41]} Bc8 {[%clk 0:50:02]} 15. Nd1
{[%clk 0:54:50]} Bd7 {[%clk 0:45:11]} 16. Ne3 {[%clk 0:53:16]} g6
{[%clk 0:45:37]} 17. O-O-O {[%clk 0:51:57]} c6 {[%clk 0:41:59]} 18. Nc3
{[%clk 0:44:51]} cxd5 {[%clk 0:41:01]} 19. exd5 {[%clk 0:42:38]} O-O-O
{[%clk 0:41:19]} 20. Rde1 {[%clk 0:34:14]} Qf8 {[%clk 0:39:44]} 21. Ned1
{[%clk 0:26:46]} Re8 {[%clk 0:39:22]} 22. f4 {[%clk 0:22:14]} Ng4
{[%clk 0:39:12]} 23. Nf2 {[%clk 0:20:18]} f5 {[%clk 0:38:55]} 24. Nxg4
{[%clk 0:19:31]} hxg4 {[%clk 0:39:19]} 25. fxe5 {[%clk 0:17:32]} dxe5
{[%clk 0:39:43]} 26. Qg5 {[%clk 0:15:51]} Qg7 {[%clk 0:33:31]} 27. Kc2
{[%clk 0:08:48]} e4 {[%clk 0:32:36]} 28. Be2 {[%clk 0:08:08]} Qe5
{[%clk 0:29:29]} 29. Rhg1 {[%clk 0:05:41]} Qd6 {[%clk 0:29:39]} 30. a4
{[%clk 0:03:32]} a5 {[%clk 0:22:59]} 31. Ra1 {[%clk 0:01:17]} Kb7
{[%clk 0:22:53]} 32. Qe3 {[%clk 0:01:17]} Rc8 {[%clk 0:20:14]} 33. Nb5
{[%clk 0:01:08]} Bxb5 {[%clk 0:18:08]} 34. axb5 {[%clk 0:01:32]} Ra8
{[%clk 0:18:34]} 35. Qc3 {[%clk 0:01:21]} Nd7 {[%clk 0:17:46]} 36. Ra4
{[%clk 0:00:49]} Qe5 {[%clk 0:17:28]} 37. Rga1 {[%clk 0:00:48]} Qxc3+
{[%clk 0:08:50]} 38. Kxc3 {[%clk 0:01:14]} Kb6 {[%clk 0:09:17]} 39. Kd2
{[%clk 0:00:49]} Nf6 {[%clk 0:04:40]} 40. Ke3 {[%clk 0:30:47]} Nh5
{[%clk 0:35:04]} 41. Kf2 {[%clk 0:18:47]} Rhf8 {[%clk 0:29:52]} 42. Rd1
{[%clk 0:16:16]} e3+ {[%clk 0:17:32]} 43. Kg2 {[%clk 0:14:03]} f4
{[%clk 0:17:58]} 44. Bxg4 {[%clk 0:13:50]} fxg3 {[%clk 0:18:21]} 45. Bf3
{[%clk 0:04:04]} Rae8 {[%clk 0:18:47]} 46. Ra2 {[%clk 0:02:38]} e2
{[%clk 0:19:11]} 47. Re1 {[%clk 0:02:18]} Re3 {[%clk 0:19:38]} 48. Bxe2
{[%clk 0:00:52]} Rf2+ {[%clk 0:19:37]} 49. Kg1 {[%clk 0:00:33]} Nf4
{[%clk 0:19:59]} 0-1

[Event "World Chess Olympiad 2018"]
[Site "Batumi"]
[Date "2018.09.27"]
[Round "4"]
[Board "1"]
[WhiteFideId "696358"]
[White "Bellahcene Bilel"]
[BlackFideId "10200444"]
[Black "Mollah Abdullah Al Rakib"]
[Result "1/2-1/2"]
[LiveChessVersion "1.4.8"]
[BlackElo "2472"]
[WhiteElo "2501"]

1. e4 {[%clk 1:30:59]} e5 {[%clk 1:30:51]} 2. Nf3 {[%clk 1:31:27]} Nc6
{[%clk 1:31:12]} 3. d4 {[%clk 1:31:54]} exd4 {[%clk 1:31:35]} 4. Nxd4
{[%clk 1:32:21]} Bb4+ {[%clk 1:29:34]} 5. c3 {[%clk 1:32:48]} Bc5
{[%clk 1:30:00]} 6. Nxc6 {[%clk 1:33:12]} bxc6 {[%clk 1:29:52]} 7. Bc4
{[%clk 1:33:38]} Qh4 {[%clk 1:24:12]} 8. O-O {[%clk 1:32:58]} Nf6
{[%clk 1:22:17]} 9. Nd2 {[%clk 1:33:24]} O-O {[%clk 1:12:15]} 10. Nf3
{[%clk 1:33:49]} Qh5 {[%clk 0:58:10]} 11. e5 {[%clk 1:32:18]} d5 {[%clk 0:56:04]}
12. Be2 {[%clk 0:40:55]} Ne4 {[%clk 0:55:46]} 13. Bf4 {[%clk 0:41:10]} Qf5
{[%clk 0:37:32]} 14. Qc1 {[%clk 0:38:34]} Re8 {[%clk 0:35:10]} 15. Nd4
{[%clk 0:27:59]} Qg6 {[%clk 0:33:54]} 16. Qd1 {[%clk 0:27:50]} Bh3
{[%clk 0:32:10]} 17. Bg3 {[%clk 0:12:14]} Nxg3 {[%clk 0:31:16]} 18. fxg3
{[%clk 0:12:20]} Bf5 {[%clk 0:16:45]} 19. Bh5 {[%clk 0:07:27]} Qe6
{[%clk 0:16:00]} 20. Kh1 {[%clk 0:07:45]} Bxd4 {[%clk 0:16:25]} 21. cxd4
{[%clk 0:08:13]} g6 {[%clk 0:15:31]} 22. Bf3 {[%clk 0:08:22]} c5 {[%clk 0:15:32]}
23. Rc1 {[%clk 0:05:23]} cxd4 {[%clk 0:06:49]} 24. Qxd4 {[%clk 0:05:42]} Qxe5
{[%clk 0:03:23]} 25. Qxd5 {[%clk 0:06:11]} Rab8 {[%clk 0:03:25]} 26. Qxe5
{[%clk 0:04:11]} Rxe5 {[%clk 0:03:54]} 27. b3 {[%clk 0:04:16]} c5
{[%clk 0:03:29]} 28. Rc3 {[%clk 0:04:31]} Rd8 {[%clk 0:03:18]} 29. h3
{[%clk 0:02:25]} Rd2 {[%clk 0:03:33]} 30. a3 {[%clk 0:02:33]} Ra2
{[%clk 0:02:41]} 31. a4 {[%clk 0:02:44]} Be6 {[%clk 0:01:40]} 1/2-1/2

[Event "World Chess Olympiad 2018"]
[Site "Batumi"]
[Date "2018.09.27"]
[Round "4"]
[Board "2"]
[WhiteFideId "10200037"]
[White "Rahman Ziaur"]
[BlackFideId "7900309"]
[Black "Rizouk Aimen"]
[Result "1-0"]
[LiveChessVersion "1.4.8"]
[BlackElo "2445"]
[WhiteElo "2477"]

1. d4 {[%clk 1:30:27]} e6 {[%clk 1:30:20]} 2. e4 {[%clk 1:28:49]} d5
{[%clk 1:30:45]} 3. Nd2 {[%clk 1:29:13]} Nc6 {[%clk 1:28:57]} 4. Ngf3
{[%clk 1:29:11]} Nf6 {[%clk 1:28:40]} 5. e5 {[%clk 1:29:17]} Nd7 {[%clk 1:29:06]}
6. Nb3 {[%clk 1:29:01]} a5 {[%clk 1:26:55]} 7. a4 {[%clk 1:29:12]} b6
{[%clk 1:27:22]} 8. Bb5 {[%clk 1:29:21]} Ncb8 {[%clk 1:26:13]} 9. Ng5
{[%clk 1:24:52]} h6 {[%clk 1:22:26]} 10. Nxe6 {[%clk 1:21:02]} fxe6
{[%clk 1:22:46]} 11. Qh5+ {[%clk 1:21:26]} Ke7 {[%clk 1:23:05]} 12. Bg5+
{[%clk 1:20:41]} hxg5 {[%clk 1:17:56]} 13. Qxh8 {[%clk 1:20:41]} Qe8
{[%clk 1:16:17]} 14. Qh7 {[%clk 1:12:08]} Qf7 {[%clk 1:09:41]} 15. Nd2
{[%clk 0:54:31]} g6 {[%clk 0:26:00]} 16. Qh8 {[%clk 0:51:16]} Bb7
{[%clk 0:14:10]} 17. Nf3 {[%clk 0:48:25]} Bg7 {[%clk 0:14:33]} 18. Qh3
{[%clk 0:46:59]} Qf4 {[%clk 0:08:06]} 19. Qh7 {[%clk 0:40:50]} Kf7
{[%clk 0:08:33]} 20. h4 {[%clk 0:40:40]} Nf8 {[%clk 0:04:19]} 21. Nxg5+
{[%clk 0:40:21]} Qxg5 {[%clk 0:04:47]} 22. Qxg7+ {[%clk 0:35:59]} Kxg7
{[%clk 0:05:15]} 23. hxg5 {[%clk 0:36:23]} c6 {[%clk 0:05:05]} 24. Be2
{[%clk 0:33:21]} c5 {[%clk 0:05:30]} 25. c3 {[%clk 0:31:59]} Nc6 {[%clk 0:05:54]}
26. Bb5 {[%clk 0:31:19]} Rc8 {[%clk 0:03:03]} 27. Bxc6 {[%clk 0:30:11]} Rxc6
{[%clk 0:02:49]} 28. Kd2 {[%clk 0:29:10]} Ba6 {[%clk 0:02:02]} 29. Rh4
{[%clk 0:28:16]} c4 {[%clk 0:01:20]} 30. f4 {[%clk 0:27:10]} Rc7 {[%clk 0:01:36]}
31. g4 {[%clk 0:26:43]} Rf7 {[%clk 0:01:34]} 32. Ke3 {[%clk 0:26:56]} Bc8
{[%clk 0:00:41]} 33. Rb1 {[%clk 0:22:10]} Ba6 {[%clk 0:00:36]} 34. b4
{[%clk 0:20:53]} cxb3 {[%clk 0:01:04]} 35. Rxb3 {[%clk 0:21:18]} Rb7
{[%clk 0:01:25]} 36. Rh6 {[%clk 0:21:01]} Bc4 {[%clk 0:01:49]} 37. Rb2
{[%clk 0:20:45]} b5 {[%clk 0:02:16]} 38. Rh1 {[%clk 0:13:53]} b4 {[%clk 0:02:33]}
39. cxb4 {[%clk 0:14:12]} axb4 {[%clk 0:03:02]} 40. a5 {[%clk 0:43:59]} b3
{[%clk 0:32:40]} 41. Ra1 {[%clk 0:43:48]} Nd7 {[%clk 0:30:12]} 42. Kd2
{[%clk 0:37:15]} Nb8 {[%clk 0:28:13]} 43. Kc3 {[%clk 0:33:52]} Rc7
{[%clk 0:26:11]} 44. Rh2 {[%clk 0:32:17]} Nd7 {[%clk 0:25:38]} 45. Kb2
{[%clk 0:31:03]} Ra7 {[%clk 0:24:48]} 46. Rh6 {[%clk 0:29:11]} Ra6
{[%clk 0:18:05]} 47. f5 {[%clk 0:27:13]} exf5 {[%clk 0:18:03]} 48. gxf5
{[%clk 0:27:37]} gxf5 {[%clk 0:18:21]} 49. e6 {[%clk 0:26:30]} 1-0

[Event "World Chess Olympiad 2018"]
[Site "Batumi"]
[Date "2018.09.27"]
[Round "4"]
[Board "3"]
[WhiteFideId "7900872"]
[White "Arab Adlane"]
[BlackFideId "10207791"]
[Black "Mohammad Fahad Rahman"]
[Result "1/2-1/2"]
[LiveChessVersion "1.4.8"]
[BlackElo "2263"]
[WhiteElo "2482"]

1. d4 {[%clk 1:30:57]} Nf6 {[%clk 1:30:31]} 2. c4 {[%clk 1:31:12]} g6
{[%clk 1:30:51]} 3. Nc3 {[%clk 1:31:18]} d5 {[%clk 1:31:13]} 4. Nf3
{[%clk 1:31:25]} Bg7 {[%clk 1:31:03]} 5. e3 {[%clk 1:30:48]} O-O {[%clk 1:30:29]}
6. Be2 {[%clk 1:29:38]} dxc4 {[%clk 1:29:00]} 7. Bxc4 {[%clk 1:29:59]} c5
{[%clk 1:29:27]} 8. O-O {[%clk 1:27:39]} cxd4 {[%clk 1:27:47]} 9. exd4
{[%clk 1:27:43]} Nc6 {[%clk 1:27:52]} 10. h3 {[%clk 1:26:01]} Bf5
{[%clk 1:26:41]} 11. Be3 {[%clk 1:20:11]} Rc8 {[%clk 1:24:37]} 12. Nh4
{[%clk 1:07:13]} Na5 {[%clk 1:14:01]} 13. Nxf5 {[%clk 1:02:16]} Nxc4
{[%clk 1:14:18]} 14. Nxg7 {[%clk 1:02:38]} Kxg7 {[%clk 1:14:40]} 15. Qe2
{[%clk 0:59:24]} Nd5 {[%clk 1:06:56]} 16. Ne4 {[%clk 0:58:55]} Ndxe3
{[%clk 1:05:55]} 17. fxe3 {[%clk 0:59:17]} Qd5 {[%clk 1:06:21]} 18. Nc3
{[%clk 0:57:05]} Qg5 {[%clk 1:06:27]} 19. Rf4 {[%clk 0:50:34]} Qa5
{[%clk 1:03:48]} 20. Rc1 {[%clk 0:45:14]} b5 {[%clk 0:44:34]} 21. d5
{[%clk 0:39:13]} Qb6 {[%clk 0:40:53]} 22. Re1 {[%clk 0:36:22]} Qc5
{[%clk 0:39:03]} 23. Rd4 {[%clk 0:33:57]} f5 {[%clk 0:34:35]} 24. Qf2
{[%clk 0:19:45]} Rfe8 {[%clk 0:12:48]} 25. Ne2 {[%clk 0:14:48]} e5
{[%clk 0:12:45]} 26. dxe6 {[%clk 0:15:09]} Rxe6 {[%clk 0:13:05]} 27. b3
{[%clk 0:13:34]} Nxe3 {[%clk 0:08:10]} 28. Nf4 {[%clk 0:13:17]} Ree8
{[%clk 0:08:39]} 29. Rd7+ {[%clk 0:06:49]} Kf8 {[%clk 0:08:44]} 30. Kh1
{[%clk 0:06:47]} Ng4 {[%clk 0:07:24]} 31. Qh4 {[%clk 0:03:34]} Rxe1+
{[%clk 0:03:29]} 32. Qxe1 {[%clk 0:03:59]} Qc1 {[%clk 0:03:43]} 33. Nd3
{[%clk 0:01:54]} Nf2+ {[%clk 0:00:50]} 34. Kh2 {[%clk 0:02:20]} Qxe1
{[%clk 0:01:08]} 35. Nxe1 {[%clk 0:02:49]} g5 {[%clk 0:00:39]} 36. Rd5
{[%clk 0:02:15]} Kg7 {[%clk 0:00:33]} 37. Rxf5 {[%clk 0:02:37]} Ne4
{[%clk 0:01:01]} 38. Rxb5 {[%clk 0:02:45]} Kg6 {[%clk 0:01:05]} 39. Nf3
{[%clk 0:03:01]} h6 {[%clk 0:00:32]} 40. Ne5+ {[%clk 0:32:41]} Kf5
{[%clk 0:30:33]} 41. Ng4+ {[%clk 0:29:27]} Kg6 {[%clk 0:31:02]} 42. Re5
{[%clk 0:29:46]} Nc3 {[%clk 0:31:30]} 43. Re6+ {[%clk 0:30:04]} Kf5
{[%clk 0:31:10]} 44. Re5+ {[%clk 0:29:44]} Kg6 {[%clk 0:31:38]} 45. Ra5
{[%clk 0:28:55]} h5 {[%clk 0:31:38]} 46. Ne5+ {[%clk 0:28:27]} Kf6
{[%clk 0:32:07]} 47. Nf3 {[%clk 0:28:41]} g4 {[%clk 0:32:25]} 48. hxg4
{[%clk 0:27:58]} hxg4 {[%clk 0:32:53]} 49. Nd4 {[%clk 0:28:11]} Ne4
{[%clk 0:29:21]} 50. Rf5+ {[%clk 0:25:14]} Kg6 {[%clk 0:29:50]} 51. Re5
{[%clk 0:25:23]} Rh8+ {[%clk 0:26:55]} 52. Kg1 {[%clk 0:25:46]} Nc3
{[%clk 0:27:14]} 53. a4 {[%clk 0:25:36]} Rd8 {[%clk 0:24:27]} 54. Ne6
{[%clk 0:22:23]} Rd1+ {[%clk 0:21:53]} 55. Kh2 {[%clk 0:22:48]} Kf6
{[%clk 0:21:26]} 56. Re3 {[%clk 0:22:45]} Nd5 {[%clk 0:21:20]} 57. Re4
{[%clk 0:23:09]} Kf5 {[%clk 0:10:29]} 58. Rd4 {[%clk 0:23:23]} Rxd4
{[%clk 0:10:51]} 59. Nxd4+ {[%clk 0:23:48]} Ke4 {[%clk 0:11:15]} 60. Nc6
{[%clk 0:24:00]} a6 {[%clk 0:09:41]} 61. Kg3 {[%clk 0:24:23]} Kd3
{[%clk 0:07:39]} 62. Kxg4 {[%clk 0:12:18]} Kc3 {[%clk 0:08:04]} 63. b4
{[%clk 0:12:25]} Kb3 {[%clk 0:08:27]} 64. b5 {[%clk 0:07:33]} axb5
{[%clk 0:07:51]} 65. a5 {[%clk 0:07:49]} Nc7 {[%clk 0:07:40]} 66. Kf5
{[%clk 0:07:25]} Ka4 {[%clk 0:07:03]} 67. Ke5 {[%clk 0:04:24]} b4
{[%clk 0:07:26]} 68. Nxb4 {[%clk 0:04:07]} Kxb4 {[%clk 0:06:46]} 1/2-1/2

[Event "World Chess Olympiad 2018"]
[Site "Batumi"]
[Date "2018.09.27"]
[Round "4"]
[Board "4"]
[WhiteFideId "10200649"]
[White "Hossain Enamul"]
[BlackFideId "7900856"]
[Black "Belouadah Saad"]
[Result "0-1"]
[LiveChessVersion "1.4.8"]
[BlackElo "2413"]
[WhiteElo "2452"]

1. d4 {[%clk 1:30:49]} Nf6 {[%clk 1:29:43]} 2. Nf3 {[%clk 1:30:59]} d6
{[%clk 1:26:56]} 3. c4 {[%clk 1:30:37]} g6 {[%clk 1:27:09]} 4. Nc3
{[%clk 1:30:29]} Bf5 {[%clk 1:27:13]} 5. Nh4 {[%clk 1:28:55]} Bd7
{[%clk 1:27:14]} 6. Nf3 {[%clk 1:25:57]} Bg7 {[%clk 1:26:58]} 7. e4
{[%clk 1:24:36]} O-O {[%clk 1:26:10]} 8. h3 {[%clk 1:22:35]} e5 {[%clk 1:17:29]}
9. d5 {[%clk 1:22:35]} Na6 {[%clk 1:16:48]} 10. Bg5 {[%clk 1:20:50]} Qe8
{[%clk 1:16:07]} 11. g4 {[%clk 1:14:05]} Kh8 {[%clk 1:13:16]} 12. Nd2
{[%clk 1:12:10]} Ng8 {[%clk 1:08:30]} 13. Be3 {[%clk 0:58:08]} f5
{[%clk 1:05:20]} 14. f3 {[%clk 0:56:07]} Bh6 {[%clk 0:59:27]} 15. Bxh6
{[%clk 0:48:36]} Nxh6 {[%clk 0:58:54]} 16. g5 {[%clk 0:45:16]} Nf7
{[%clk 0:51:58]} 17. h4 {[%clk 0:44:39]} f4 {[%clk 0:51:56]} 18. Bh3
{[%clk 0:42:17]} Bxh3 {[%clk 0:48:29]} 19. Rxh3 {[%clk 0:42:46]} Qd7
{[%clk 0:48:48]} 20. Rh2 {[%clk 0:42:38]} Kg7 {[%clk 0:46:15]} 21. Qe2
{[%clk 0:40:17]} Rh8 {[%clk 0:45:47]} 22. O-O-O {[%clk 0:39:16]} h6
{[%clk 0:46:08]} 23. gxh6+ {[%clk 0:38:52]} Rxh6 {[%clk 0:46:32]} 24. Rg1
{[%clk 0:37:55]} Rah8 {[%clk 0:41:28]} 25. Rhg2 {[%clk 0:31:42]} R8h7
{[%clk 0:35:43]} 26. Rg4 {[%clk 0:27:40]} Qe7 {[%clk 0:27:25]} 27. Qg2
{[%clk 0:24:15]} Qf6 {[%clk 0:26:22]} 28. Nb5 {[%clk 0:13:00]} Nh8
{[%clk 0:21:25]} 29. Qh3 {[%clk 0:11:01]} Rxh4 {[%clk 0:19:44]} 30. Rxh4
{[%clk 0:11:13]} Qxh4 {[%clk 0:18:55]} 31. Qd7+ {[%clk 0:09:01]} Nf7
{[%clk 0:18:58]} 32. Nxc7 {[%clk 0:08:09]} Nxc7 {[%clk 0:19:18]} 33. Qxc7
{[%clk 0:08:37]} Qf2 {[%clk 0:18:47]} 34. Rd1 {[%clk 0:07:40]} Qb6
{[%clk 0:14:00]} 35. Qd7 {[%clk 0:04:20]} Rh2 {[%clk 0:11:17]} 36. Qc8
{[%clk 0:04:37]} Rh8 {[%clk 0:02:32]} 37. Qg4 {[%clk 0:04:33]} Qc5
{[%clk 0:02:40]} 38. Rg1 {[%clk 0:03:42]} Rh6 {[%clk 0:01:31]} 39. Kb1
{[%clk 0:02:36]} a5 {[%clk 0:01:04]} 40. a3 {[%clk 0:31:52]} a4 {[%clk 0:30:59]}
41. Rg2 {[%clk 0:21:25]} b5 {[%clk 0:25:28]} 42. Qd7 {[%clk 0:21:15]} bxc4
{[%clk 0:24:03]} 43. Qc6 {[%clk 0:21:42]} Rh1+ {[%clk 0:15:20]} 44. Ka2
{[%clk 0:16:44]} Qe3 {[%clk 0:15:11]} 45. Qxc4 {[%clk 0:16:27]} Rd1
{[%clk 0:12:53]} 46. Qc2 {[%clk 0:04:53]} Qe1 {[%clk 0:12:51]} 47. Nb1
{[%clk 0:04:43]} Qh1 {[%clk 0:10:42]} 48. Rf2 {[%clk 0:03:44]} Rc1
{[%clk 0:09:26]} 49. Qd3 {[%clk 0:02:22]} Ng5 {[%clk 0:09:25]} 50. b4
{[%clk 0:02:46]} Nxf3 {[%clk 0:07:09]} 51. Rxf3 {[%clk 0:01:23]} Rxb1
{[%clk 0:07:34]} 52. Qxb1 {[%clk 0:01:51]} Qxf3 {[%clk 0:07:58]} 53. b5
{[%clk 0:02:16]} Qe2+ {[%clk 0:00:44]} 54. Ka1 {[%clk 0:02:21]} Qe3
{[%clk 0:00:51]} 55. Ka2 {[%clk 0:01:49]} f3 {[%clk 0:00:53]} 56. b6
{[%clk 0:02:08]} f2 {[%clk 0:01:00]} 57. b7 {[%clk 0:02:37]} f1=Q
{[%clk 0:00:48]} 58. Qxf1 {[%clk 0:01:45]} Qb3+ {[%clk 0:01:11]} 59. Ka1
{[%clk 0:02:14]} Qxa3+ {[%clk 0:01:37]} 60. Kb1 {[%clk 0:02:36]} Qb3+
{[%clk 0:02:03]} 61. Ka1 {[%clk 0:02:39]} Qxb7 {[%clk 0:02:09]} 62. Qh3
{[%clk 0:02:31]} Qa7 {[%clk 0:01:08]} 63. Qh4 {[%clk 0:02:47]} Qc7
{[%clk 0:00:51]} 64. Kb2 {[%clk 0:02:27]} Qb7+ {[%clk 0:00:53]} 65. Ka1
{[%clk 0:02:54]} a3 {[%clk 0:01:12]} 0-1

[Event "World Chess Olympiad 2018"]
[Site "Batumi"]
[Date "2018.09.27"]
[Round "4"]
[Board "2"]
[WhiteFideId "900885"]
[White "Blagojevic Dragisa"]
[BlackFideId "4000102"]
[Black "Berend Fred"]
[Result "1-0"]
[LiveChessVersion "1.4.8"]
[BlackElo "2358"]
[WhiteElo "2476"]

1. d4 {[%clk 1:30:57]} Nf6 {[%clk 1:30:58]} 2. c4 {[%clk 1:31:17]} e6
{[%clk 1:31:25]} 3. Nf3 {[%clk 1:31:38]} Bb4+ {[%clk 1:31:31]} 4. Bd2
{[%clk 1:31:55]} Qe7 {[%clk 1:31:53]} 5. g3 {[%clk 1:31:53]} Nc6 {[%clk 1:32:17]}
6. Nc3 {[%clk 1:31:59]} Bxc3 {[%clk 1:31:53]} 7. Bxc3 {[%clk 1:32:22]} Ne4
{[%clk 1:32:20]} 8. Qc2 {[%clk 1:31:58]} Nxc3 {[%clk 1:25:41]} 9. Qxc3
{[%clk 1:32:20]} O-O {[%clk 1:25:23]} 10. Bg2 {[%clk 1:32:14]} d6
{[%clk 1:22:25]} 11. d5 {[%clk 1:30:48]} Nb8 {[%clk 1:21:19]} 12. dxe6
{[%clk 1:29:54]} fxe6 {[%clk 1:17:26]} 13. Nd4 {[%clk 1:29:23]} c6
{[%clk 1:06:13]} 14. O-O {[%clk 1:26:38]} Nd7 {[%clk 1:01:59]} 15. Rad1
{[%clk 1:15:35]} Nf6 {[%clk 1:00:28]} 16. e4 {[%clk 1:08:55]} e5 {[%clk 0:57:54]}
17. Nc2 {[%clk 1:06:49]} Bg4 {[%clk 0:54:56]} 18. Rd2 {[%clk 1:06:52]} Rad8
{[%clk 0:53:34]} 19. Ne3 {[%clk 1:02:11]} Be6 {[%clk 0:50:30]} 20. Rfd1
{[%clk 1:00:09]} Ng4 {[%clk 0:34:31]} 21. Nf1 {[%clk 0:57:52]} Rf6
{[%clk 0:26:15]} 22. h3 {[%clk 0:51:13]} Nh6 {[%clk 0:24:08]} 23. c5
{[%clk 0:50:23]} Bc8 {[%clk 0:23:06]} 24. cxd6 {[%clk 0:45:20]} Rfxd6
{[%clk 0:20:48]} 25. Rxd6 {[%clk 0:45:18]} Rxd6 {[%clk 0:21:05]} 26. Qa3
{[%clk 0:45:02]} Nf7 {[%clk 0:18:41]} 27. Rxd6 {[%clk 0:45:25]} Nxd6
{[%clk 0:15:24]} 28. Qxa7 {[%clk 0:45:46]} Be6 {[%clk 0:15:32]} 29. b3
{[%clk 0:44:34]} Kf7 {[%clk 0:15:43]} 30. Qc5 {[%clk 0:38:20]} Kf6
{[%clk 0:14:22]} 31. f4 {[%clk 0:37:30]} Nf7 {[%clk 0:14:21]} 32. Qf2
{[%clk 0:36:11]} Qb4 {[%clk 0:10:26]} 33. Ne3 {[%clk 0:33:20]} Ke7
{[%clk 0:07:22]} 34. f5 {[%clk 0:29:37]} Bd7 {[%clk 0:07:46]} 35. h4
{[%clk 0:29:56]} Qd4 {[%clk 0:06:09]} 36. Kh2 {[%clk 0:24:59]} Nd6
{[%clk 0:03:50]} 37. Qf3 {[%clk 0:23:40]} Qd2 {[%clk 0:03:17]} 38. Ng4
{[%clk 0:22:31]} Nf7 {[%clk 0:00:34]} 39. f6+ {[%clk 0:22:08]} Kf8
{[%clk 0:00:48]} 40. fxg7+ {[%clk 0:52:19]} Kxg7 {[%clk 0:31:10]} 41. Qf6+
{[%clk 0:52:22]} Kg8 {[%clk 0:31:35]} 42. Nxe5 {[%clk 0:51:47]} Nxe5
{[%clk 0:30:51]} 43. Qxe5 {[%clk 0:52:09]} Qxa2 {[%clk 0:30:33]} 44. Qe7
{[%clk 0:39:10]} Qd2 {[%clk 0:28:51]} 45. e5 {[%clk 0:39:14]} Bg4
{[%clk 0:22:27]} 46. e6 {[%clk 0:37:37]} Bh5 {[%clk 0:14:51]} 47. Qxb7
{[%clk 0:37:01]} Be8 {[%clk 0:14:26]} 48. Qe7 {[%clk 0:34:39]} Bg6
{[%clk 0:11:47]} 49. Qd7 {[%clk 0:34:16]} Qe3 {[%clk 0:06:53]} 50. e7
{[%clk 0:30:31]} Bf7 {[%clk 0:06:14]} 51. Bxc6 {[%clk 0:28:19]} Qe2+
{[%clk 0:04:07]} 52. Bg2 {[%clk 0:28:32]} Kg7 {[%clk 0:04:16]} 53. b4
{[%clk 0:27:24]} Kf6 {[%clk 0:04:13]} 54. b5 {[%clk 0:27:25]} Qxe7
{[%clk 0:04:10]} 55. Qxe7+ {[%clk 0:27:46]} Kxe7 {[%clk 0:04:35]} 56. b6
{[%clk 0:28:07]} Kd6 {[%clk 0:05:04]} 57. Kg1 {[%clk 0:27:53]} Bc4
{[%clk 0:05:11]} 58. Kf2 {[%clk 0:28:03]} Ba6 {[%clk 0:05:35]} 59. Ke3
{[%clk 0:28:17]} h6 {[%clk 0:04:55]} 60. Kf4 {[%clk 0:28:17]} 1-0